000 00812nam a2200253Ia 4500
003 OSt
005 20220923220824.0
006 a|||||r|||| 00| 0
007 ta
008 220922b |||||||| |||| 00| 0 hin d
024 _a190,964
037 _cTextual
040 _aARTS
_cARTS
_bhin
041 _2hin
_ahin
082 _aR65,6, 152M5
100 _aसक्सेना, प्रेम शंकर
245 0 _aव्यवहारिक गीता सार
246 _aVyavahārik gītā sāra
260 _aदिल्ली
_b अलंकार प्रकाशन
_c1985
300 _a200पृ.
_ccm.
650 _aभगवत् गीता
942 _hR65,6, 152M5
_cTEXL
_2CC
999 _c343685
_d343685